Guess the 1960s song lyrics #195 - Statistics

General Stats
  • This quiz has been taken 14 times
  • The average score is 191 of 290
Answer Stats
Answer % Correct
and
100%
And
100%
I
100%
the
100%
love
91%
my
91%
on
91%
to
91%
To
91%
you
91%
I'll
82%
is
82%
it
82%
know
82%
me
82%
of
82%
so
82%
your
82%
back
73%
come
73%
Go
73%
I'm
73%
no
73%
Oh
73%
see
73%
side
73%
that
73%
Time
73%
time
73%
Yes
73%
yes
73%
You'll
73%
all
64%
All
64%
be
64%
But
64%
do
64%
I've
64%
say
64%
why
64%
will
64%
days
55%
for
55%
gonna
55%
not
55%
Now
55%
One
55%
runnin
55%
told
55%
you're
55%
You're
55%
always
45%
free
45%
good
45%
got
45%
have
45%
heart
45%
Just
45%
just
45%
like
45%
Like
45%
many
45%
need
45%
right
45%
That's
45%
these
45%
wanna
45%
would
45%
Yeah
45%
yeah
45%
around
36%
baby
36%
before
36%
Cause
36%
home
36%
over
36%
some
36%
still
36%
times
36%
up
36%
wait
36%
won't
36%
ahead
27%
cry
27%
everything
27%
long
27%
more
27%
real
27%
there's
27%
worry
27%
desires
18%
hoped
18%
kind
18%
remember
18%
town
18%
worries
18%
door
9%
Irma Thomas
9%
knocking
9%
Knocking
9%
light
9%
searching
9%
Uh-hu
9%
No matching quizzes found
Score Distribution
Percent of People with Each Score
Percentile by Number Answered
Your Score History
You have not taken this quiz